| 000 | 00461nam a2200181Ia 4500 | ||
|---|---|---|---|
| 003 | IN-BaIIA | ||
| 008 | 211028s9999 xx 000 0 eng d | ||
| 040 | _cIIA Library | ||
| 080 |
_a621.3 _bKEE |
||
| 100 |
_aKeen, R _93210 |
||
| 245 | 0 |
_aWireless direction finding _cRoland Keen |
|
| 250 | _a4th ed. | ||
| 260 |
_aLondon _bJliffe & Sons _c1949 |
||
| 300 | _axii, 1059p. | ||
| 650 | _aAstronomy and Astrophysics Thesaurus | ||
| 650 | _aWireless | ||
| 942 | _cBK | ||
| 999 |
_c1600 _d1600 |
||